000
00307nam a2200121Ia 4500
008
190216s9999||||xx |||||||||||||| ||und||
100
_a
Gopinathan M S & Ramakrishnan V
245
0
_a
Group Theory In Chemistry
260
_b
Vishal Publcations
_c
2000
300
_a
154p
650
_a
Chemistry
942
_c
BK
999
_c
2827
_d
2827